| 000 | 00613nam a2200181 i 4500 | ||
|---|---|---|---|
| 001 | 101995 | ||
| 003 | ES-MaACL | ||
| 005 | 20230906183027.0 | ||
| 007 | t| | ||
| 008 | 051028s1931 pn ||||1| spa d | ||
| 100 | 1 |
_aMéndez Pereira, Octavio. _980168 |
|
| 245 | 1 | 0 |
_aLeonardo de Vinci / _cconferencia dictada por el Dr. Octavio Méndez Pereira, en la Escuela Profesional de Señoritas. |
| 260 |
_aPanamá : _b[s.n.], _c1931 ( _fTalleres Gráficos Benedetti) |
||
| 300 |
_a74 p. ; _c20 cm. |
||
| 600 | 1 | 4 |
_aLeonardo da Vinci, _d1452-1519 _971671 |
| 852 |
_aES-MaACL _j1776-F-4 |
||
| 999 |
_c101995 _d101995 |
||